| 000 | 04556nam a22002297a 4500 | ||
|---|---|---|---|
| 001 | 6562 | ||
| 003 | FISKH | ||
| 005 | 20250527161013.0 | ||
| 008 | 250509b cb ||||| |||| 00| 0 eng d | ||
| 040 |
_aFISKH _bkhr _cFISKH _dFISKH |
||
| 082 | _a800 | ||
| 100 | _aSamnang, Mao | ||
| 245 |
_aចិត្តស្មោះ : _bប្រលោមលោកមនោសញ្ចេតនា / _cនិពន្ធដោយអ្នកស្រី ម៉ៅ សំណាង សមាជិកាសមាគមអ្នកនិពន្ធខ្មែរ |
||
| 260 |
_aភ្នំពេញ : _bបណ្ណាល័យ សុរិយារង្សី , _c២០០៨ . |
||
| 300 |
_a147 pages : _billustrations ; _c20 cm . |
||
| 520 | _a"ចិត្តស្មោះ" គឺជាប្រលោមលោកស្នេហា ដែលត្រូវបានសរសេរដោយអ្នកនិពន្ធខ្មែរ លោកស្រី ម៉ៅ សំណាង (ឈ្មោះកម្រិត "ទន្សាយ")។ រឿងនេះបង្ហាញពីការតស៊ូ និងការលះបង់របស់តួអង្គស្រីឈ្មោះ ផ្កាកែវ ដែលជាកូនស្រីដែលបានបាត់បង់ឳពុកម្តាយនៅវ័យកុមារ។ បន្ទាប់ពីការប្រឡងបាក់ឌុបជាប់ ផ្កាកែវបានសម្រេចចិត្តបោះបង់ការសិក្សា និងត្រឡប់មកថែទាំជីតា នៅខេត្តបាត់ដំបង។នៅទីនោះ នាងបានជួបប្រទៈនឹងគហបីម្ចាស់ដី វិសុទ្ធសិលា ដែលបានស្នើសុំឲ្យនាងរៀបការជាមួយគាត់ ដើម្បីស្វែងរកការពិតអំពីមរណភាពរបស់បងស្រី និងតម្រុយចិញ្ចៀនពេជ្រមួយវង់។ ដើម្បីស្វែងរកការពិត និងដោះស្រាយបញ្ហានេះ ផ្កាកែវបានប្រើប្រាស់គុណសម្បត្តិផ្ទាល់ខ្លួន ដូចជា ចិត្តស្មោះត្រង់ ទឹកចិត្តល្អ និងភាពស្មោះត្រង់ ដើម្បីឆ្លាក់ចិត្តគហបីម្ចាស់ដី និងបង្កើតទំនាក់ទំនងស្នេហាដែលមានភាពផ្អែមល្អែម។ "ចិត្តស្មោះ" គឺជារឿងដែលបង្ហាញពីស្នេហា ការលះបង់ និងការតស៊ូក្នុងជីវិត ដែលមានការបង្ហាញពីតម្លៃនៃភាពស្មោះត្រង់ និងការអនុវត្តគុណសម្បត្តិផ្ទាល់ខ្លួនក្នុងការដោះស្រាយបញ្ហានានា។ | ||
| 520 | _a"Chit Smaoh" is a romantic Khmer novel written by the renowned Cambodian author Mao Samnang, who also writes under the pen name "Tonsay" (Dragonfly). The story centers on the life of a young woman named Phka Keo, who faces hardship and personal sacrifice from an early age after losing both her parents in childhood. After passing her high school exam (Bac II), Phka Keo makes the difficult decision to give up further education and return to Battambang province to care for her elderly grandfather. There, she encounters Visoth Sela, a wealthy landowner, who proposes marriage to her—not out of love at first, but with the aim of uncovering the truth behind the mysterious death of his sister and a missing diamond ring. Throughout the story, Phka Keo uses her inner strength, honesty, kindness, and loyalty to gain the trust of Visoth Sela and eventually win his heart. The novel is filled with themes of love, sacrifice, perseverance, and the moral value of sincerity and integrity. It is both a touching love story and a reflection on the virtues that sustain human relationships in the face of adversity. | ||
| 650 |
_aចិត្តស្មោះ _vប្រលោមលោកមនោសញ្ចេតនា |
||
| 650 |
_aChetsmos _vRomance literature |
||
| 942 |
_2ddc _cKHB _n0 |
||
| 999 |
_c6562 _d6562 |
||